[Event "Chennai AICF (Women)"]
[Site "Chennai"]
[Date "2024.03.25"]
[Round "11"]
[White "Gomes, Mary Ann"]
[Black "Bommini, Mounika Akshaya"]
[Result "1-0"]
[WhiteElo "2322"]
[BlackElo "2134"]
[PlyCount "77"]
[EventDate "2024.03.18"]
[EventType "tourn"]
[EventRounds "11"]
[EventCountry "IND"]
[SourceTitle "CB13_2024"]
[SourceDate "2024.03.27"]
[SourceVersion "1"]
[SourceVersionDate "2024.03.27"]
[SourceQuality "1"]

1. Nf3 d5 2. e3 c6 3. c4 Nf6 4. Nc3 a6 5. b3 Bf5 6. Bb2 e6 7. Be2 h6 8. d3 Nbd7 9. Qc2 Bh7 10. a3 b5 11. cxb5 cxb5 12. b4 Bd6 13. 0-0 0-0 14. Qb3 Qe7 15. Rfc1 Nb6 16. a4 bxa4 17. Nxa4 Nbd7 18. Nd4 Rfc8 19. Nc6 Bxh2+ 20. Kh1 Rxc6 21. Rxc6 Ne4 22. dxe4 Qh4 23. Bf3 Ne5 24. Bxe5 Bxe5+ 25. Kg1 Qh2+ 26. Kf1 Bxa1 27. exd5 exd5 28. Qxd5 Rb8 29. Nc5 Qh1+ 30. Ke2 Bc3 31. Bh5 Bc2 32. Bxf7+ Kh8 33. Nd7 Qe1+ 34. Kf3 Rd8 35. Kg3 Ba4 36. Qa5 Rf8 37. Nxf8 Bxc6 38. Ng6+ Kh7 39. Qf5 1-0

[Event "Chennai AICF (Women)"]
[Site "Chennai"]
[Date "2024.03.19"]
[Round "2"]
[White "Bommini, Mounika Akshaya"]
[Black "Franco Valencia, Angela Maria"]
[Result "0-1"]
[WhiteElo "2134"]
[BlackElo "2095"]
[PlyCount "68"]
[EventDate "2024.03.18"]
[EventType "tourn"]
[EventRounds "11"]
[EventCountry "IND"]
[SourceTitle "CB13_2024"]
[SourceDate "2024.03.27"]
[SourceVersion "1"]
[SourceVersionDate "2024.03.27"]
[SourceQuality "1"]

1. d4 f5 2. Nc3 Nf6 3. Bf4 e6 4. g4 Nxg4 5. e4 d5 6. Nb5 Na6 7. e5 g5 8. h3 Nh6 9. Qh5+ Nf7 10. Bd2 Nb4 11. 0-0-0 Nxa2+ 12. Kb1 a6 13. Bxg5 Be7 14. Bxe7 Qxe7 15. Nxc7+ Qxc7 16. Kxa2 Qxc2 17. Bd3 Qa4+ 18. Kb1 Bd7 19. Nf3 h6 20. Bc2 Qb4 21. Rhg1 Rf8 22. Rg7 Rc8 23. Bxf5 exf5 24. e6 Bxe6 25. Qg6 Rc6 26. Re1 Ke7 27. Qxh6 Qb3 28. Qf4 Qc2+ 29. Ka1 Rb6 30. Qd2 Qxd2 31. Nxd2 Kd8 32. Rg6 Re8 33. Nf3 Rc6 34. Rf6 Re7 0-1

[Event "Chennai AICF (Women)"]
[Site "Chennai"]
[Date "2024.03.18"]
[Round "1"]
[White "Velpula, Sarayu"]
[Black "Bommini, Mounika Akshaya"]
[Result "1-0"]
[WhiteElo "2389"]
[BlackElo "2134"]
[PlyCount "73"]
[EventDate "2024.03.18"]
[EventType "tourn"]
[EventRounds "11"]
[EventCountry "IND"]
[SourceTitle "CB13_2024"]
[SourceDate "2024.03.27"]
[SourceVersion "1"]
[SourceVersionDate "2024.03.27"]
[SourceQuality "1"]

1. e4 c5 2. Nf3 e6 3. d4 cxd4 4. Nxd4 Nf6 5. Nc3 Nc6 6. Nxc6 bxc6 7. e5 Nd5 8. Ne4 Qc7 9. f4 Qb6 10. a3 f5 11. exf6 Nxf6 12. Nxf6+ gxf6 13. Bd3 Bc5 14. Bd2 d5 15. Qh5+ Kd8 16. b4 Be7 17. Qe2 Kc7 18. Be3 d4 19. Bf2 a5 20. 0-0 axb4 21. axb4 Rxa1 22. Rxa1 Bxb4 23. Qg4 Bf8 24. Qh5 Qc5 25. Qf7+ Be7 26. c3 Rf8 27. Qxh7 e5 28. cxd4 exd4 29. f5 Kd8 30. Qh4 Qc3 31. Rd1 c5 32. Qe4 Qb3 33. Rb1 Qa2 34. Qc6 Qa7 35. Bg3 Bd7 36. Qd5 Ke8 37. Bc4 1-0

[Event "Tamil Nadu IM 18th"]
[Site "Pollachi"]
[Date "2024.02.17"]
[Round "8"]
[White "Gochelashvili, David"]
[Black "Bommini, Mounika Akshaya"]
[Result "1-0"]
[WhiteElo "2225"]
[BlackElo "2162"]
[PlyCount "59"]
[EventDate "2024.02.13"]
[EventType "tourn"]
[EventRounds "9"]
[EventCountry "IND"]
[SourceTitle "CB08_2024"]
[SourceDate "2024.02.21"]
[SourceVersion "1"]
[SourceVersionDate "2024.02.21"]
[SourceQuality "1"]

1. e4 e5 2. Nf3 Nc6 3. Bc4 Nf6 4. d3 h6 5. 0-0 d6 6. d4 Bg4 7. c3 Nxe4 8. Bd5 f5 9. Qb3 Qc8 10. Nh4 Bh5 11. Be6 Qd8 12. Bxf5 Nf6 13. Bg6+ Bxg6 14. Nxg6 Rg8 15. Qxb7 Ne7 16. Nxe7 Bxe7 17. dxe5 dxe5 18. Qb5+ Nd7 19. Nd2 Rb8 20. Qa4 Bc5 21. Nc4 Qf6 22. Be3 Bxe3 23. fxe3 Qe6 24. Rad1 Rd8 25. Na5 Rf8 26. Nb7 Rxf1+ 27. Rxf1 Rb8 28. Nc5 Qe7 29. Nxd7 Qxd7 30. Rf8+ 1-0

[Event "Titled Tuesday intern op 06th Feb Early"]
[Site "Chess.com INT"]
[Date "2024.02.06"]
[Round "1"]
[White "Bommini, Mounika Akshaya"]
[Black "Shubenkova, Veronika"]
[Result "0-1"]
[WhiteElo "2162"]
[BlackElo "2007"]
[PlyCount "50"]
[EventDate "2024.02.06"]
[EventType "swiss (blitz)"]
[EventRounds "11"]
[EventCountry "USA"]
[SourceTitle "CB07_2024"]
[SourceDate "2024.02.14"]
[SourceVersion "1"]
[SourceVersionDate "2024.02.14"]
[SourceQuality "1"]

1. d4 d5 2. c4 e6 3. Nc3 f5 4. Bf4 Nf6 5. e3 c6 6. Nf3 Bd6 7. Ne5 0-0 8. Be2 Ne4 9. f3 Nxc3 10. bxc3 Qe7 11. c5 Bc7 12. h4 Qd8 13. g4 fxg4 14. fxg4 Nd7 15. Nd3 Bxf4 16. Nxf4 Qe7 17. Qc2 e5 18. Ng2 Nf6 19. 0-0-0 Bxg4 20. Rhg1 Bxe2 21. Qxe2 Ne4 22. Qe1 Rf2 23. Kb1 Raf8 24. h5 Qc7 25. h6 Qa5 0-1

[Event "Rilton Cup 51st"]
[Site "Stockholm"]
[Date "2024.01.05"]
[Round "9"]
[White "Bommini, Mounika Akshaya"]
[Black "Koykka, Pekka"]
[Result "0-1"]
[WhiteElo "2132"]
[BlackElo "2351"]
[PlyCount "70"]
[EventDate "2023.12.27"]
[EventType "swiss"]
[EventRounds "9"]
[EventCountry "SWE"]
[SourceTitle "CB02_2024"]
[SourceDate "2024.01.10"]
[SourceVersion "1"]
[SourceVersionDate "2024.01.10"]
[SourceQuality "1"]

1. Nf3 Nf6 2. c4 c5 3. Nc3 d5 4. cxd5 Nxd5 5. g3 Nc6 6. Bg2 Nc7 7. 0-0 e5 8. d3 Be7 9. a3 0-0 10. Rb1 Rb8 11. Ne1 Be6 12. b3 Qd7 13. Nc2 Nd4 14. Ne1 Bg4 15. f3 Be6 16. e3 f6 17. Rf2 Ndb5 18. Nxb5 Nxb5 19. Bb2 Rfd8 20. Rd2 Qe8 21. a4 Nc7 22. f4 exf4 23. gxf4 Qf7 24. Ba1 Nd5 25. f5 Bxf5 26. Qe2 Nb4 27. e4 Be6 28. Qd1 Rd7 29. d4 cxd4 30. Bxd4 Rbd8 31. Rbb2 Rxd4 32. Rxd4 Bc5 33. Rbd2 Rxd4 34. Rxd4 Qd7 35. Nf3 Nc6 0-1

[Event "Rilton Cup 51st"]
[Site "Stockholm"]
[Date "2023.12.27"]
[Round "1"]
[White "Dotzer, Lukas"]
[Black "Bommini, Mounika Akshaya"]
[Result "1-0"]
[WhiteElo "2338"]
[BlackElo "2132"]
[PlyCount "73"]
[EventDate "2023.12.27"]
[EventType "swiss"]
[EventRounds "9"]
[EventCountry "SWE"]
[SourceTitle "CB02_2024"]
[SourceDate "2024.01.10"]
[SourceVersion "1"]
[SourceVersionDate "2024.01.10"]
[SourceQuality "1"]

1. e4 c5 2. Nf3 e6 3. d4 cxd4 4. Nxd4 Nf6 5. Nc3 Nc6 6. Nxc6 bxc6 7. e5 Nd5 8. Ne4 Qc7 9. f4 Qb6 10. c4 Bb4+ 11. Ke2 Ba6 12. Kf3 f5 13. exf6 Nxf6 14. Be3 Qa5 15. Nxf6+ gxf6 16. Kf2 0-0-0 17. Qd4 d5 18. cxd5 Bxf1 19. Rhxf1 exd5 20. Qxf6 Qc7 21. Rac1 Kb7 22. Kg1 Rhe8 23. Bd4 Rf8 24. Qg7 Rf7 25. Qg3 Bd6 26. Qb3+ Ka8 27. g3 Rg8 28. Kh1 h5 29. Rf3 h4 30. Rfc3 hxg3 31. Rxc6 g2+ 32. Kg1 Qxc6 33. Rxc6 Bxf4 34. Qd3 Bb8 35. Rg6 Rgf8 36. Kxg2 Rh7 37. Be5 1-0

[Event "Arandjelovac ASK-11 IM"]
[Site "Arandjelovac"]
[Date "2023.12.06"]
[Round "4"]
[White "Bommini, Mounika Akshaya"]
[Black "Kosic, Dragan"]
[Result "0-1"]
[WhiteElo "2132"]
[BlackElo "2402"]
[PlyCount "138"]
[EventDate "2023.12.04"]
[EventType "tourn"]
[EventRounds "9"]
[EventCountry "SRB"]
[SourceTitle "CB51_2023"]
[SourceDate "2023.12.20"]
[SourceVersion "1"]
[SourceVersionDate "2023.12.20"]
[SourceQuality "1"]

1. d4 Nf6 2. c4 e6 3. Nc3 Bb4 4. e3 0-0 5. Bd2 b6 6. Bd3 Bb7 7. Nf3 d6 8. Qc2 Nbd7 9. e4 e5 10. d5 Nc5 11. h3 c6 12. 0-0 Rc8 13. a3 Bxc3 14. Bxc3 a5 15. b4 axb4 16. axb4 Nxd3 17. Qxd3 cxd5 18. cxd5 Nxe4 19. Bxe5 dxe5 20. Qxe4 Bxd5 21. Qxe5 Bxf3 22. gxf3 Qh4 23. Kh2 Rc2 24. Qe1 g6 25. Ra6 Qf4+ 26. Kg2 Qg5+ 27. Kh2 Qb5 28. Qa1 Qxb4 29. Qf6 Qc4 30. Raa1 Qc5 31. Kg2 b5 32. Qf4 Re8 33. Qf6 b4 34. Rad1 b3 35. Rd7 Rf8 36. Rb7 Qd5 37. Rb6 Re8 38. Re1 Rxf2+ 39. Kg3 Rxf3+ 40. Qxf3 Qxf3+ 41. Kxf3 Rxe1 42. Rxb3 Kg7 43. Rb6 h5 44. Ra6 Rg1 45. Kf2 Rg5 46. Ra4 Rd5 47. Ra6 Rd3 48. Kg2 h4 49. Ra4 g5 50. Ra6 f6 51. Rb6 Kg6 52. Rb5 Rd2+ 53. Kg1 Re2 54. Ra5 Re5 55. Ra2 f5 56. Kg2 g4 57. hxg4 fxg4 58. Rb2 Kg5 59. Ra2 h3+ 60. Kh2 Kh4 61. Ra4 Re2+ 62. Kg1 Kg3 63. Ra3+ Kf4 64. Ra4+ Kf3 65. Ra1 g3 66. Rb1 Rd2 67. Rb3+ Kf4 68. Rb1 Ke3 69. Re1+ Kf3 0-1

[Event "Arandjelovac ASK-11 IM"]
[Site "Arandjelovac"]
[Date "2023.12.06"]
[Round "3"]
[White "Lajthajm, Borko"]
[Black "Bommini, Mounika Akshaya"]
[Result "0-1"]
[WhiteElo "2345"]
[BlackElo "2132"]
[PlyCount "94"]
[EventDate "2023.12.04"]
[EventType "tourn"]
[EventRounds "9"]
[EventCountry "SRB"]
[SourceTitle "CB51_2023"]
[SourceDate "2023.12.20"]
[SourceVersion "1"]
[SourceVersionDate "2023.12.20"]
[SourceQuality "1"]

1. e4 c5 2. c3 Nf6 3. e5 Nd5 4. Nf3 e6 5. Na3 Nc6 6. g3 a6 7. Bg2 Qc7 8. Qe2 Be7 9. 0-0 0-0 10. d3 b5 11. c4 bxc4 12. dxc4 Nb6 13. Bf4 Bb7 14. Rad1 Rad8 15. Nc2 h6 16. b3 Qb8 17. Rd3 Qa8 18. Rfd1 a5 19. a4 g5 20. Bc1 f6 21. exf6 Bxf6 22. h4 g4 23. Nfe1 h5 24. Qe4 Bg7 25. Bf4 Rde8 26. Bd6 Rf5 27. R3d2 Nd8 28. Qd3 Bxg2 29. Nxg2 Nf7 30. Nce3 Rf6 31. Qc2 Qc6 32. Bf4 Rf8 33. Bg5 Rf3 34. Ne1 Ne5 35. Bf4 R8xf4 36. gxf4 Rxf4 37. Rd6 Qb7 38. Qd2 Rf3 39. Qxa5 g3 40. Nxf3 Nxf3+ 41. Kf1 Nh2+ 42. Ke2 Qf3+ 43. Kd3 gxf2 44. Qxb6 Ng4 45. Qd8+ Kh7 46. Rxd7 Qxe3+ 47. Kc2 Qc3+ 0-1

[Event "Arandjelovac ASK-11 IM"]
[Site "Arandjelovac"]
[Date "2023.12.05"]
[Round "2"]
[White "Bommini, Mounika Akshaya"]
[Black "Enkhnar, Enkhbaatar"]
[Result "0-1"]
[WhiteElo "2132"]
[BlackElo "2327"]
[PlyCount "80"]
[EventDate "2023.12.04"]
[EventType "tourn"]
[EventRounds "9"]
[EventCountry "SRB"]
[SourceTitle "CB51_2023"]
[SourceDate "2023.12.20"]
[SourceVersion "1"]
[SourceVersionDate "2023.12.20"]
[SourceQuality "1"]

1. d4 Nf6 2. c4 e6 3. Nc3 d5 4. cxd5 Nxd5 5. e4 Nxc3 6. bxc3 c5 7. Rb1 cxd4 8. cxd4 Be7 9. Nf3 0-0 10. h4 Nc6 11. Bc4 Qc7 12. Qe2 Rd8 13. Be3 Bb4+ 14. Kf1 Bf8 15. Rc1 Qd6 16. e5 Qa3 17. Rd1 Ne7 18. Rh3 Qa4 19. Bb5 Qa5 20. Bd3 Nf5 21. Bg5 Rd5 22. g4 Ne7 23. Bd2 Qa4 24. Bc3 Bd7 25. Ng5 h6 26. Bh7+ Kh8 27. Bc2 Qa3 28. Qe4 g6 29. Nxf7+ Kg8 30. Nd6 Bc6 31. Qf4 Rxd6 32. exd6 Nd5 33. Qg3 Bxd6 34. Qd3 Nf4 35. Qe3 Bg2+ 36. Kg1 Bxh3 37. f3 Rc8 38. Bb3 Rxc3 39. Bxe6+ Kh8 40. Qe4 Qb2 0-1

[Event "Titled Tuesday intern op 14th Nov Early"]
[Site "Chess.com INT"]
[Date "2023.11.14"]
[Round "8"]
[White "Bommini, Mounika Akshaya"]
[Black "Yaksin, Oleg"]
[Result "0-1"]
[WhiteElo "2132"]
[BlackElo "2389"]
[PlyCount "54"]
[EventDate "2023.11.14"]
[EventType "swiss (blitz)"]
[EventRounds "11"]
[EventCountry "USA"]
[SourceTitle "CB47_2023"]
[SourceDate "2023.11.22"]
[SourceVersion "1"]
[SourceVersionDate "2023.11.22"]
[SourceQuality "1"]

1. d4 Nf6 2. c4 e6 3. Nc3 Bb4 4. e3 0-0 5. Bd2 d5 6. Nf3 Nbd7 7. cxd5 exd5 8. Bd3 Re8 9. 0-0 c6 10. Qc2 Qe7 11. a3 Bd6 12. b4 a6 13. Rfe1 Ne4 14. Na4 f5 15. Nc5 Ndf6 16. h3 g5 17. a4 g4 18. hxg4 fxg4 19. Nh2 g3 20. fxg3 Bxg3 21. Rf1 Bxh2+ 22. Kxh2 Ng4+ 23. Kg1 Qh4 24. Rf4 Qh2+ 25. Kf1 Nxd2+ 26. Qxd2 Nxe3+ 27. Ke2 Qxf4 0-1

[Event "Titled Tuesday intern op 14th Nov Early"]
[Site "Chess.com INT"]
[Date "2023.11.14"]
[Round "9"]
[White "Foisor, Sabina Francesca"]
[Black "Bommini, Mounika Akshaya"]
[Result "1-0"]
[WhiteElo "2169"]
[BlackElo "2132"]
[PlyCount "51"]
[EventDate "2023.11.14"]
[EventType "swiss (blitz)"]
[EventRounds "11"]
[EventCountry "USA"]
[SourceTitle "CB47_2023"]
[SourceDate "2023.11.22"]
[SourceVersion "1"]
[SourceVersionDate "2023.11.22"]
[SourceQuality "1"]

1. d4 Nf6 2. c4 e6 3. Nc3 Bb4 4. Qc2 0-0 5. Nf3 d5 6. Bg5 h6 7. Bxf6 Qxf6 8. e3 b6 9. a3 Bxc3+ 10. bxc3 Bb7 11. cxd5 Bxd5 12. e4 Qg6 13. Bd3 Qxg2 14. Ke2 Bb7 15. Rag1 Qh3 16. Rg3 Qh5 17. Rhg1 g6 18. e5 Kh8 19. Be4 Nc6 20. Rg4 f5 21. exf6 Rxf6 22. Bxg6 Nxd4+ 23. Nxd4 Qxh2 24. Ke1 Raf8 25. f4 Rxf4 26. Qxh2 1-0

[Event "Titled Tuesday intern op 14th Nov Early"]
[Site "Chess.com INT"]
[Date "2023.11.14"]
[Round "4"]
[White "Sherman, Reem"]
[Black "Bommini, Mounika Akshaya"]
[Result "0-1"]
[WhiteElo "2278"]
[BlackElo "2132"]
[PlyCount "54"]
[EventDate "2023.11.14"]
[EventType "swiss (blitz)"]
[EventRounds "11"]
[EventCountry "USA"]
[SourceTitle "CB47_2023"]
[SourceDate "2023.11.22"]
[SourceVersion "1"]
[SourceVersionDate "2023.11.22"]
[SourceQuality "1"]

1. e4 Nc6 2. Nf3 d6 3. d4 Nf6 4. Nc3 Bg4 5. d5 Ne5 6. Nxe5 dxe5 7. f3 Bd7 8. Be3 e6 9. Bc4 exd5 10. Nxd5 Bd6 11. 0-0 0-0 12. Bg5 Bc5+ 13. Kh1 Re8 14. Qd2 c6 15. Nxf6+ gxf6 16. Bxf6 Qxf6 17. Qxd7 Rad8 18. Qg4+ Kh8 19. Rad1 Rxd1 20. Rxd1 Rd8 21. Rxd8+ Qxd8 22. Bd3 Qd4 23. Qc8+ Kg7 24. Qg4+ Kf8 25. Qc8+ Ke7 26. Qxb7+ Kf6 27. Qxc6+ Kg7 0-1

[Event "Wch U20 Girls 39th"]
[Site "Mexico City"]
[Date "2023.09.29"]
[Round "9"]
[White "Bommini, Mounika Akshaya"]
[Black "Goraj, Barbara"]
[Result "1-0"]
[WhiteElo "2096"]
[BlackElo "2135"]
[PlyCount "69"]
[EventDate "2023.09.21"]
[EventType "swiss"]
[EventRounds "11"]
[EventCountry "MEX"]
[SourceTitle "EXT 2024"]
[Source "ChessBase"]
[SourceDate "2023.10.10"]
[SourceVersion "1"]
[SourceVersionDate "2023.10.10"]
[SourceQuality "1"]

1. d4 Nf6 2. c4 g6 3. Nc3 Bg7 4. e4 d6 5. Nge2 0-0 6. Ng3 Nbd7 7. Be2 c5 8. d5 h5 9. 0-0 b5 10. cxb5 a6 11. Re1 h4 12. Nf1 h3 13. g4 axb5 14. Bxb5 Qb6 15. Be2 Ne5 16. Ne3 c4 17. g5 Nfd7 18. Nxc4 Nxc4 19. Bxc4 Ne5 20. Be2 f6 21. Rb1 fxg5 22. Be3 Qd8 23. Bxg5 Ba6 24. f4 Qb6+ 25. Kh1 Nc4 26. Bg4 Bd4 27. Be6+ Kg7 28. Qg4 Ne3 29. Qxh3 Rh8 30. Qg3 Nf1 31. Rxf1 Bxf1 32. Rxf1 Qxb2 33. f5 Be5 34. Bf6+ Kf8 35. Bxe5 1-0

[Event "Wch U20 Girls 39th"]
[Site "Mexico City"]
[Date "2023.09.28"]
[Round "8"]
[White "Hryzlova, Sofiia"]
[Black "Bommini, Mounika Akshaya"]
[Result "1/2-1/2"]
[WhiteElo "2228"]
[BlackElo "2096"]
[PlyCount "83"]
[EventDate "2023.09.21"]
[EventType "swiss"]
[EventRounds "11"]
[EventCountry "MEX"]
[SourceTitle "EXT 2024"]
[Source "ChessBase"]
[SourceDate "2023.10.10"]
[SourceVersion "1"]
[SourceVersionDate "2023.10.10"]
[SourceQuality "1"]

1. Nf3 d5 2. d4 e6 3. c3 Nf6 4. Bf4 Bd6 5. e3 c5 6. Nbd2 0-0 7. Bd3 Qc7 8. dxc5 Bxf4 9. exf4 Qxf4 10. b4 Nbd7 11. Nf1 Ne5 12. Ne3 Nxd3+ 13. Qxd3 Qc7 14. 0-0 b6 15. cxb6 axb6 16. Qd4 Ba6 17. Rfb1 Ne4 18. Rc1 Nd6 19. a4 Rfc8 20. h4 f6 21. Qg4 Qf7 22. Qd4 Qc7 23. h5 Be2 24. h6 Bxf3 25. gxf3 Nf7 26. Qg4 Nxh6 27. Qxe6+ Qf7 28. Qxf7+ Kxf7 29. Nxd5 Rc6 30. c4 Nf5 31. c5 bxc5 32. b5 Rd6 33. Rxc5 Nd4 34. Ra3 Ne6 35. Nc7 Rxa4 36. Rxa4 Nxc5 37. Ra7 Nd7 38. Ra6 Rb6 39. Ra7 Rd6 40. Kg2 g5 41. Ra6 Rb6 42. Ra7 1/2-1/2

[Event "Wch U20 Girls 39th"]
[Site "Mexico City"]
[Date "2023.09.24"]
[Round "5"]
[White "Bommini, Mounika Akshaya"]
[Black "Destic, Elena"]
[Result "1-0"]
[WhiteElo "2096"]
[BlackElo "1904"]
[PlyCount "111"]
[EventDate "2023.09.21"]
[EventType "swiss"]
[EventRounds "11"]
[EventCountry "MEX"]
[SourceTitle "EXT 2024"]
[Source "ChessBase"]
[SourceDate "2023.10.10"]
[SourceVersion "1"]
[SourceVersionDate "2023.10.10"]
[SourceQuality "1"]

1. d4 Nf6 2. c4 e6 3. Nc3 Bb4 4. f3 d5 5. a3 Be7 6. e4 dxe4 7. fxe4 e5 8. d5 Bc5 9. Nf3 Bg4 10. Be2 Bxf3 11. Bxf3 0-0 12. Rb1 a5 13. Bg5 Na6 14. Qe2 Qe7 15. Nd1 h6 16. Bh4 Rab8 17. g4 g5 18. Bg3 Kg7 19. Qd2 Bd4 20. h4 Nd7 21. Qxa5 Nb6 22. b3 Ra8 23. Qd2 f6 24. Ne3 Bxe3 25. Qxe3 Rh8 26. Ra1 c5 27. dxc6 Nb4 28. 0-0 Nc2 29. Qxb6 Nxa1 30. cxb7 Rab8 31. Rxa1 Rxb7 32. Qe3 Rd8 33. Be1 Rbd7 34. Ba5 Rc8 35. Kf2 Qe6 36. Rd1 Ra8 37. Rd5 gxh4 38. Bd2 Rh8 39. Qd3 Rxd5 40. Qxd5 Qb6+ 41. c5 Qc7 42. Qd6 Qf7 43. Bd1 Re8 44. b4 h3 45. Kg3 Ra8 46. Qd3 Qa2 47. a4 Qa1 48. Kxh3 Kg6 49. Bc3 Rd8 50. Qxd8 Qxc3+ 51. Kg2 Kg5 52. b5 Qe3 53. Bf3 Qxc5 54. Qd2+ Kg6 55. Be2 Qa3 56. a5 1-0

[Event "Wch U20 Girls 39th"]
[Site "Mexico City"]
[Date "2023.09.22"]
[Round "2"]
[White "Pantaleon, Salmoran Atzin Yare"]
[Black "Bommini, Mounika Akshaya"]
[Result "0-1"]
[WhiteElo "1347"]
[BlackElo "2096"]
[PlyCount "94"]
[EventDate "2023.09.21"]
[EventType "swiss"]
[EventRounds "11"]
[EventCountry "MEX"]
[SourceTitle "EXT 2024"]
[Source "ChessBase"]
[SourceDate "2023.10.10"]
[SourceVersion "1"]
[SourceVersionDate "2023.10.10"]
[SourceQuality "1"]

1. e4 e5 2. Nf3 Nc6 3. Bc4 Nf6 4. d3 h6 5. c3 d6 6. Nbd2 g5 7. h3 Bg7 8. Bb3 a5 9. a4 d5 10. Qe2 0-0 11. g4 Be6 12. Bc2 dxe4 13. dxe4 Nd7 14. Nf1 Ne7 15. Ng3 Ng6 16. Nf5 Nb6 17. b3 Qd7 18. h4 Qc6 19. c4 Bxf5 20. gxf5 Nf4 21. Bxf4 exf4 22. 0-0-0 Qc5 23. Rd3 g4 24. Nd2 h5 25. Nb1 Qe5 26. Nc3 Nc8 27. Re1 Nd6 28. Qd2 Rfe8 29. Bd1 Nxf5 30. Kb2 Nd4 31. Be2 Ra6 32. Rd1 Rd6 33. Rc1 Red8 34. Rd1 Nxe2 35. Qxe2 Rxd3 36. Rxd3 Rxd3 37. Qxd3 Qxc3+ 38. Qxc3 Bxc3+ 39. Kxc3 g3 40. b4 gxf2 41. bxa5 f1Q 42. Kb4 f3 43. Kb5 f2 44. a6 bxa6+ 45. Kxa6 Qxc4+ 46. Ka5 Qc5+ 47. Ka6 Qb6# 0-1

[Event "Wch U20 Girls 39th"]
[Site "Mexico City"]
[Date "2023.09.21"]
[Round "1"]
[White "Bommini, Mounika Akshaya"]
[Black "Brito Carrascal, Isabela"]
[Result "1-0"]
[WhiteElo "2096"]
[BlackElo "1708"]
[PlyCount "95"]
[EventDate "2023.09.21"]
[EventType "swiss"]
[EventRounds "11"]
[EventCountry "MEX"]
[SourceTitle "EXT 2024"]
[Source "ChessBase"]
[SourceDate "2023.10.10"]
[SourceVersion "1"]
[SourceVersionDate "2023.10.10"]
[SourceQuality "1"]

1. d4 Nf6 2. c4 e6 3. Nc3 Bb4 4. e3 b6 5. Nge2 c5 6. a3 Ba5 7. Rb1 Na6 8. g3 Bb7 9. d5 exd5 10. Bg2 0-0 11. 0-0 d6 12. cxd5 Bc8 13. e4 Re8 14. Qd3 Bxc3 15. Nxc3 Nc7 16. b4 cxb4 17. axb4 a5 18. b5 Nd7 19. Be3 Rb8 20. Ne2 Nc5 21. Qc2 Bd7 22. Nd4 Qe7 23. Rfe1 Rec8 24. Bf4 f6 25. Qd1 Ne8 26. Bf3 a4 27. Ra1 Ra8 28. Ra3 Nc7 29. Bg4 Re8 30. Nc6 Bxc6 31. dxc6 Nxb5 32. Ra1 Kh8 33. Qd5 Red8 34. Qc4 Nc7 35. Qc3 b5 36. Bf3 Ra6 37. Rad1 N7e6 38. Be3 Rb8 39. Qb4 a3 40. Be2 Ra4 41. Qb1 Nxe4 42. Bxb5 Nc3 43. Qc2 Rxb5 44. Qxc3 a2 45. Ra1 Rba5 46. Qb3 h6 47. Bd2 Rd4 48. Bxa5 1-0

[Event "Asia-ch Blitz U20 Girls"]
[Site "Jamshedpur"]
[Date "2023.09.15"]
[Round "5"]
[White "Bhagyashree, Patil"]
[Black "Bommini, Mounika Akshaya"]
[Result "1-0"]
[WhiteElo "1905"]
[BlackElo "2086"]
[PlyCount "91"]
[EventDate "2023.09.15"]
[EventType "swiss (blitz)"]
[EventRounds "9"]
[EventCountry "IND"]
[SourceTitle "EXT 2024"]
[Source "ChessBase"]
[SourceDate "2023.10.10"]
[SourceVersion "1"]
[SourceVersionDate "2023.10.10"]
[SourceQuality "1"]

1. d4 Nf6 2. Nf3 c5 3. e3 cxd4 4. exd4 d5 5. Bd3 Nc6 6. c3 g6 7. 0-0 Bg7 8. h3 0-0 9. Bf4 Ne4 10. Nbd2 Bf5 11. Qe2 Nxd2 12. Qxd2 Qd7 13. Rfe1 a6 14. Bf1 b5 15. a4 Na5 16. Qd1 Nc4 17. b3 Nd6 18. Ne5 Qb7 19. Nd3 Ne4 20. Rc1 Rfc8 21. Bd2 bxa4 22. bxa4 Rab8 23. f3 Ng3 24. Nc5 Rxc5 25. dxc5 Qc7 26. Bxa6 Qxc5+ 27. Be3 Qc7 28. Qxd5 Bxc3 29. Bb5 Qa5 30. Red1 Be6 31. Qd3 Be5 32. Rc5 Bd6 33. Rc3 Bf5 34. Qd5 Qxc3 35. Bd4 Qc2 36. Re1 Bb4 37. Ra1 Bd6 38. a5 Ne2+ 39. Bxe2 Qxe2 40. a6 Rb2 41. Qa8+ Rb8 42. Qd5 Bd3 43. a7 Rd8 44. a8Q Rf8 45. Qxf8+ Kxf8 46. Ra8+ 1-0

[Event "Asia-ch U20 Girls"]
[Site "Jamshedpur"]
[Date "2023.09.15"]
[Round "9"]
[White "Bommini, Mounika Akshaya"]
[Black "Tejaswini, G."]
[Result "1/2-1/2"]
[WhiteElo "2096"]
[BlackElo "1905"]
[PlyCount "56"]
[EventDate "2023.09.09"]
[EventType "swiss"]
[EventRounds "9"]
[EventCountry "IND"]
[SourceTitle "EXT 2024"]
[Source "ChessBase"]
[SourceDate "2023.10.10"]
[SourceVersion "1"]
[SourceVersionDate "2023.10.10"]
[SourceQuality "1"]

1. d4 Nf6 2. c4 g6 3. Nc3 Bg7 4. e4 d6 5. Be2 0-0 6. Be3 e5 7. d5 Na6 8. h4 Nc5 9. Qc2 c6 10. h5 cxd5 11. cxd5 Qa5 12. h6 Bh8 13. f3 Nh5 14. a3 Ng3 15. b4 Qd8 16. Rh2 Nxe2 17. Ngxe2 Na6 18. g4 Bd7 19. Qd3 Bf6 20. Kd2 Bg5 21. Rc1 Rc8 22. Rhh1 Nc7 23. Ng3 a5 24. Bxg5 Qxg5+ 25. Qe3 Qxe3+ 26. Kxe3 axb4 27. axb4 Na6 28. Na2 Bb5 1/2-1/2

[Event "Asia-ch Blitz U20 Girls"]
[Site "Jamshedpur"]
[Date "2023.09.15"]
[Round "2"]
[White "Tejaswini, G."]
[Black "Bommini, Mounika Akshaya"]
[Result "1/2-1/2"]
[WhiteElo "1632"]
[BlackElo "2086"]
[PlyCount "170"]
[EventDate "2023.09.15"]
[EventType "swiss (blitz)"]
[EventRounds "9"]
[EventCountry "IND"]
[SourceTitle "EXT 2024"]
[Source "ChessBase"]
[SourceDate "2023.10.10"]
[SourceVersion "1"]
[SourceVersionDate "2023.10.10"]
[SourceQuality "1"]

1. d4 Nf6 2. c4 c5 3. d5 g6 4. Nc3 Bg7 5. e4 d6 6. f3 0-0 7. Be3 e5 8. Qd2 a6 9. Nge2 Nbd7 10. Ng3 h5 11. Bg5 Qa5 12. Bd3 Rb8 13. a4 Re8 14. 0-0 Nh7 15. Bh6 Ndf8 16. Bxg7 Kxg7 17. f4 exf4 18. Qxf4 Qc7 19. Be2 Qe7 20. Rae1 Nd7 21. Bxh5 Ne5 22. Be2 Qg5 23. Qxg5 Nxg5 24. h3 Rh8 25. b3 Bd7 26. Bd1 Rh4 27. Nh1 Nd3 28. Re3 Ne5 29. Nf2 Rbh8 30. a5 Rb8 31. Rfe1 b6 32. axb6 Rxb6 33. Nb1 f6 34. Nd2 Rb8 35. Bc2 Rhh8 36. Bd1 a5 37. Nf3 Ngxf3+ 38. Bxf3 a4 39. bxa4 Nxc4 40. Rc3 Ne5 41. a5 Ra8 42. Ra1 Rhb8 43. Rca3 Nc4 44. Rc3 Rxa5 45. Rxa5 Nxa5 46. Ra3 Nc4 47. Ra7 Ne5 48. Bg4 Rd8 49. Rc7 Kf8 50. Be2 Rc8 51. Rxc8+ Bxc8 52. Nd1 Ke7 53. Nc3 Bd7 54. Kf2 f5 55. Ke3 g5 56. exf5 Bxf5 57. Bf1 Kd8 58. Nb5 Ke7 59. Nc3 Bg6 60. Be2 Be8 61. Bf1 Bg6 62. Be2 Nf7 63. Bf1 Nh6 64. g4 Nf7 65. Be2 Ne5 66. Bf1 Bh7 67. Be2 Bg8 68. Bf1 Ng6 69. Ke4 Kf6 70. Ke3 Nf4 71. Ne4+ Ke5 72. Nxg5 Nxd5+ 73. Kd2 Nf4 74. Nf3+ Kf6 75. g5+ Kg6 76. Ke3 Nh5 77. Bd3+ Kg7 78. Nh4 Bh7 79. g6 Bg8 80. Nf5+ Kf6 81. Nxd6 c4 82. Bc2 Kg5 83. Kd4 Nf4 84. Nxc4 Nxg6 85. Bxg6 Kxg6 1/2-1/2